000 00818naa a22002537u 4500
001 08939
003 HDC
007 cr bn ---aaaaa
008 210131t2012 xx 000 0 eng
040 _aHDC
100 _aFischer, Johan.,
_eauthoe
_91110
245 0 _aBranding halal /
_cby Johan Fischer
260 _a[No place] :
_b[publisher not identified],
_c2012
300 _a4 pages : illustrations
336 _atext
_2rdacontent
337 _acomputer
_2rdamedia
338 _aonline resource
_2rdacarrier
650 _aHalal food industry
_9128
650 _aMuslims
_9247
856 _zRequest full-text at [email protected]
942 _2lcc
942 _cEIJ
942 _kEMAG 000448
999 _c6262
_d6262